[Event "Hastings Masters"]
[Site "Hastings"]
[Date "2006.12.28"]
[Round "1.30"]
[White "Webster, Richard J"]
[Black "Ledger, David"]
[Result "0-1"]
[WhiteElo "1983"]
[BlackElo "2276"]
[PlyCount "40"]
[EventDate "2006.12.28"]
[SourceDate "2006.12.28"]

1. c4 e5 2. g3 Nc6 3. Bg2 d6 4. Nc3 Be6 5. d3 Qd7 6. b4 g6 7. Rb1 Bg7 8. Nd5
Nd8 9. e4 c6 10. Nc3 Ne7 11. Bd2 O-O 12. Nge2 Bh3 13. O-O Bxg2 14. Kxg2 Ne6 15.
a4 f5 16. f3 d5 17. Qb3 dxe4 18. fxe4 Kh8 19. Rf3 f4 20. b5 Ng5 0-1

[Event "Hastings Masters"]
[Site "Hastings"]
[Date "2006.12.28"]
[Round "1.31"]
[White "Furman, Boris"]
[Black "Parmar, Amisha"]
[Result "1-0"]
[WhiteElo "2263"]
[BlackElo "1981"]
[PlyCount "63"]
[EventDate "2006.12.28"]
[SourceDate "2006.12.28"]

1. d4 Nf6 2. c4 g6 3. Nc3 Bg7 4. Bg5 O-O 5. Nf3 d6 6. e3 c5 7. d5 h6 8. Bh4 a6
9. a4 g5 10. Bg3 Nh5 11. Nd2 Nxg3 12. hxg3 f5 13. f4 Qe8 14. Bd3 e5 15. dxe6
Bxe6 16. Nf3 g4 17. Nh4 Nc6 18. Kf2 Qf7 19. Qd2 Na5 20. Rad1 Rad8 21. Nd5 Nc6
22. e4 Nd4 23. Ne3 fxe4 24. Bxe4 Qd7 25. Bb1 Rf6 26. Qd3 Bf8 27. Ng6 Qg7 28.
Rh4 Bf5 29. Nxf5 Nxf5 30. Qd5+ Qf7 31. Rxg4 Kh7 32. Nh4 1-0

[Event "Hastings Masters"]
[Site "Hastings"]
[Date "2006.12.28"]
[Round "1.32"]
[White "Barron, David"]
[Black "Britton, Richard"]
[Result "0-1"]
[WhiteElo "1966"]
[BlackElo "2261"]
[PlyCount "82"]
[EventDate "2006.12.28"]
[SourceDate "2006.12.28"]

1. d4 Nf6 2. g4 Nxg4 3. e4 d6 4. Be2 Nf6 5. Nc3 a6 6. Be3 e5 7. Nf3 Nc6 8. d5
Ne7 9. Bg5 Ng6 10. h4 h6 11. Be3 Ng4 12. Bd2 Be7 13. h5 Nf4 14. Bxf4 exf4 15.
Rg1 Ne5 16. Nxe5 dxe5 17. Bg4 O-O 18. Bxc8 Qxc8 19. Qf3 b5 20. O-O-O Bg5 21. d6
c6 22. d7 Qc7 23. Rxg5 hxg5 24. Qg4 Qd8 25. Ne2 Ra7 26. Ng1 f5 27. exf5 Rxd7
28. Rxd7 Qxd7 29. Qxg5 Qxf5 30. Nf3 e4 31. h6 Qxg5 32. h7+ Kxh7 33. Nxg5+ Kg6
34. Nxe4 Kf5 35. f3 Rd8 36. Nc5 g5 37. Nd3 Rxd3 38. cxd3 g4 39. fxg4+ Kxg4 40.
Kd2 Kf3 41. b4 Kg2 0-1

[Event "Hastings Masters"]
[Site "Hastings"]
[Date "2006.12.28"]
[Round "1.34"]
[White "Tucker, Andrew"]
[Black "Schuurman, Petra"]
[Result "0-1"]
[WhiteElo "1956"]
[BlackElo "2238"]
[PlyCount "46"]
[EventDate "2006.12.28"]
[SourceDate "2006.12.28"]

1. Nf3 Nf6 2. g3 c5 3. Bg2 d5 4. O-O Nc6 5. d3 e5 6. Nbd2 Bd6 7. e4 d4 8. a4 h6
9. Nc4 g5 10. h4 g4 11. Nfd2 Be7 12. Nb1 Be6 13. Nba3 Qd7 14. Qe2 O-O-O 15. Bd2
Rdg8 16. a5 Qd8 17. Rfb1 Nh5 18. c3 Bxh4 19. gxh4 Nf4 20. Qf1 Qxh4 21. Be1 Nh3+
22. Bxh3 gxh3+ 23. Kh1 Qf4 0-1

[Event "Hastings Masters"]
[Site "Hastings"]
[Date "2006.12.28"]
[Round "1.35"]
[White "Grant, Alan"]
[Black "Goldsworthy, Patrick"]
[Result "1-0"]
[WhiteElo "2231"]
[BlackElo "1936"]
[PlyCount "23"]
[EventDate "2006.12.28"]
[SourceDate "2006.12.28"]

1. e4 c5 2. Nf3 Nc6 3. Nc3 d6 4. Bb5 g6 5. d4 Bg4 6. dxc5 Bg7 7. cxd6 Qb6 8.
Nd5 Qd8 9. Bxc6+ bxc6 10. Nc7+ Kf8 11. Nxa8 Qxa8 12. O-O 1-0

[Event "Hastings Masters"]
[Site "Hastings"]
[Date "2006.12.28"]
[Round "1.36"]
[White "O'Toole, George"]
[Black "Jackson, Oliver"]
[Result "0-1"]
[WhiteElo "1936"]
[BlackElo "2225"]
[PlyCount "62"]
[EventDate "2006.12.28"]
[SourceDate "2006.12.28"]

1. e4 c5 2. c3 Nf6 3. e5 Nd5 4. d4 cxd4 5. cxd4 e6 6. Nc3 Nxc3 7. bxc3 Qc7 8.
Bb2 d6 9. Nf3 Nd7 10. exd6 Bxd6 11. Bd3 b6 12. O-O Bb7 13. c4 O-O 14. Re1 Rfd8
15. h3 Nf8 16. Ng5 h6 17. Ne4 Be7 18. Qc2 Ng6 19. Rad1 Rac8 20. Nc3 Nh4 21. d5
exd5 22. cxd5 Bc5 23. Kh1 Re8 24. Qa4 Rxe1+ 25. Rxe1 Ng6 26. Bxg6 fxg6 27. Qe4
Kh7 28. f4 Rf8 29. g3 Bf2 30. Rc1 Bxg3 31. Ne2 Qd7 0-1

[Event "Hastings Masters"]
[Site "Hastings"]
[Date "2006.12.28"]
[Round "1.37"]
[White "Kwiatkowski, Feliks"]
[Black "Snowden, James"]
[Result "1-0"]
[WhiteElo "2223"]
[BlackElo "1903"]
[PlyCount "39"]
[EventDate "2006.12.28"]
[SourceDate "2006.12.28"]

1. e4 d5 2. exd5 Qxd5 3. Nc3 Qd6 4. d4 Nf6 5. Nf3 a6 6. g3 Bg4 7. h3 Bxf3 8.
Qxf3 Nc6 9. Be3 e6 10. O-O-O O-O-O 11. Bg2 Qb4 12. Rd3 Qa5 13. a3 Rd7 14. Re1
Ne8 15. Bd2 Qb6 16. d5 Nd4 17. Qf4 c5 18. dxc6 Nxc6 19. Rxd7 Kxd7 20. Qxf7+ 1-0

[Event "Hastings Masters"]
[Site "Hastings"]
[Date "2006.12.28"]
[Round "1.38"]
[White "Foord, Dominic"]
[Black "Rayner, Francis"]
[Result "1/2-1/2"]
[WhiteElo "1894"]
[BlackElo "2212"]
[PlyCount "48"]
[EventDate "2006.12.28"]
[SourceDate "2006.12.28"]

1. f4 d5 2. b3 Nf6 3. Bb2 g6 4. Nf3 Bg7 5. e3 O-O 6. Be2 c5 7. O-O Nc6 8. Ne5
Bd7 9. Bf3 Rc8 10. c4 d4 11. Nd3 b6 12. e4 e5 13. Nxe5 Nxe5 14. fxe5 Ne8 15.
Bg4 Bxe5 16. d3 Nf6 17. Bxd7 Nxd7 18. Bc1 Qh4 19. g3 Qh3 20. Nd2 Rce8 21. Nf3
f6 22. Qe2 Qh5 23. Qg2 g5 24. Bd2 h6 1/2-1/2

[Event "Hastings Masters"]
[Site "Hastings"]
[Date "2006.12.28"]
[Round "1.39"]
[White "Cafferty, Bernard"]
[Black "Thilaganathan, Jessica"]
[Result "1/2-1/2"]
[WhiteElo "2207"]
[BlackElo "1871"]
[PlyCount "57"]
[EventDate "2006.12.28"]
[SourceDate "2006.12.28"]

1. Nf3 e6 2. c4 d5 3. g3 Nf6 4. Bg2 Be7 5. O-O O-O 6. b3 Nbd7 7. Bb2 b6 8. cxd5
exd5 9. Nd4 Nb8 10. Nc3 c5 11. Nc2 Bb7 12. d4 Qd7 13. Qd3 Rd8 14. Rfd1 Na6 15.
Qb5 Nc7 16. Qxd7 Rxd7 17. dxc5 bxc5 18. Rac1 Rad8 19. Na4 Ne6 20. Ne3 d4 21.
Nf5 Bf8 22. Bxb7 Rxb7 23. Ba3 Nd7 24. Nh4 Rc7 25. Nf3 Nb6 26. Nb2 Nd5 27. Na4
Nb6 28. Nb2 Nd5 29. Na4 {(=)} 1/2-1/2

[Event "Hastings Masters"]
[Site "Hastings"]
[Date "2006.12.28"]
[Round "1.40"]
[White "Auckland, Elliott"]
[Black "Graf, Felix"]
[Result "1/2-1/2"]
[WhiteElo "1850"]
[BlackElo "2207"]
[PlyCount "65"]
[EventDate "2006.12.28"]
[SourceDate "2006.12.28"]

1. b3 d5 2. Bb2 Nf6 3. Nf3 Bg4 4. e3 e6 5. a3 Bd6 6. c4 Nbd7 7. Qc2 c6 8. Nc3
O-O 9. Be2 a6 10. O-O b5 11. d3 Rc8 12. h3 Bxf3 13. Bxf3 Bb8 14. Ne2 Ne5 15.
Kh1 Qd6 16. c5 Qc7 17. Ng3 h5 18. Bxh5 Nxh5 19. Nxh5 Nxd3 20. f4 {(=)} Nxb2 21.
Qxb2 f6 22. Rf3 Qf7 23. g4 e5 24. a4 b4 25. Qe2 {(=)} a5 26. Rf2 d4 27. exd4
exd4 28. Qf3 Rfe8 29. g5 Re3 30. Qg4 f5 31. Qh4 Rce8 32. Rg2 Re2 33. Rag1 {(=)}
1/2-1/2

[Event "Hastings Masters"]
[Site "Hastings"]
[Date "2006.12.28"]
[Round "1.41"]
[White "Fowler, Simon"]
[Black "Cohen, Ronnie"]
[Result "1/2-1/2"]
[WhiteElo "2201"]
[BlackElo "1841"]
[PlyCount "87"]
[EventDate "2006.12.28"]
[SourceDate "2006.12.28"]

1. e4 c6 2. Nc3 d5 3. Qf3 dxe4 4. Nxe4 Nd7 5. d4 Ngf6 6. Bc4 e6 7. Bg5 Be7 8.
h4 h6 9. Be3 Nxe4 10. Qxe4 Nf6 11. Qf3 Nd5 12. Qg3 Bf6 13. Nf3 b6 14. O-O-O Bb7
15. Rhe1 Qe7 16. Bf4 Nxf4 17. Qxf4 O-O-O 18. Ne5 Bxe5 19. Rxe5 Qc7 20. Qe3 Kb8
21. h5 Rd7 22. Re1 Rhd8 23. c3 Qd6 {(=)} 24. g4 c5 25. dxc5 bxc5 26. f4 Qd2+
27. Qxd2 Rxd2 28. Be2 R2d5 {(=)} 29. Re3 R5d7 30. Rg3 Kc7 31. Rd1 Rxd1+ 32.
Bxd1 f6 33. Re3 Re8 34. Bf3 Bxf3 35. Rxf3 e5 36. fxe5 Rxe5 {(=)} 37. Kd2 Re4
38. Rg3 c4 39. b3 Kc6 40. Rg2 Kc5 41. Rg1 a5 42. Rg2 Kb5 43. Rg1 Kc5 44. Rg2
1/2-1/2

[Event "Hastings Masters"]
[Site "Hastings"]
[Date "2006.12.28"]
[Round "1.42"]
[White "Kenyon, Scott"]
[Black "Anderson, John"]
[Result "0-1"]
[WhiteElo "1759"]
[BlackElo "2199"]
[PlyCount "63"]
[EventDate "2006.12.28"]
[SourceDate "2006.12.28"]

1. e4 c5 2. Nf3 Nc6 3. Bb5 g6 4. c3 Bg7 5. d4 Nf6 6. d5 Nb8 7. e5 Ng4 8. e6 f6
9. Qa4 Nh6 10. Bd3 Kf8 11. Qh4 Ng8 12. exd7 Qxd7 13. Na3 Qg4 14. Qxg4 Bxg4 15.
Nd2 Nh6 16. Ne4 b6 17. Bf4 Nf7 18. f3 e5 19. Be3 Bd7 20. O-O-O f5 21. Nd2 Bf6
22. Rhe1 Kg7 23. Bf2 Rc8 24. Bg3 a6 25. Nac4 Bb5 26. Nxb6 Bxd3 27. Nxc8 Nd7 28.
Nb3 c4 29. Na5 Rxc8 30. b3 e4 31. Rxd3 cxd3 32. c4 0-1

[Event "Hastings Masters"]
[Site "Hastings"]
[Date "2006.12.28"]
[Round "1.43"]
[White "Groffen, Hans"]
[Black "Macrae, James"]
[Result "1-0"]
[WhiteElo "2180"]
[BlackElo "1759"]
[PlyCount "99"]
[EventDate "2006.12.28"]
[SourceDate "2006.12.28"]

1. d4 d5 2. c4 e6 3. Nc3 Nf6 4. cxd5 exd5 5. Bg5 Be7 6. e3 O-O 7. Bd3 h6 8. Bf4
c6 9. Qc2 Bd6 10. Nge2 Qe7 11. h3 Nh5 12. Bxd6 Qxd6 13. g4 Nf6 14. O-O-O Na6
15. Qd2 b5 16. Ng3 Rb8 17. f4 b4 18. Na4 b3 19. a3 Nc7 20. Nc5 Re8 21. Rde1 Ne6
22. Nxe6 Bxe6 23. Rhg1 Nh7 24. f5 Bd7 25. h4 c5 26. dxc5 Qxc5+ 27. Kb1 Bb5 28.
Bxb5 Qxb5 29. Ne2 Red8 30. Nd4 Qd7 31. g5 h5 32. Qd3 Qb7 33. Rc1 Rdc8 34. Qe2
Rxc1+ 35. Rxc1 g6 36. fxg6 fxg6 37. Qd3 Nf8 38. Nc6 Re8 39. Qxd5+ Kh7 40. Rf1
Ne6 41. Nb4 Qe7 42. Qxb3 Ng7 43. Nd5 Qe4+ 44. Ka2 Kh8 45. Nf6 Qxe3 46. Nxe8
Qxe8 47. Rf7 a5 48. Rb7 Qe6 49. Qxe6 Nxe6 50. Ra7 1-0

[Event "Hastings Masters"]
[Site "Hastings"]
[Date "2006.12.28"]
[Round "1.44"]
[White "Salimbeni, George"]
[Black "Hutchinson, Norman"]
[Result "0-1"]
[WhiteElo "1624"]
[BlackElo "2176"]
[PlyCount "166"]
[EventDate "2006.12.28"]
[SourceDate "2006.12.28"]

1. e4 c6 2. d4 d5 3. Nc3 dxe4 4. Nxe4 Bf5 5. Ng5 e6 6. c3 Be7 7. N5f3 Nd7 8.
Bd3 Bxd3 9. Qxd3 Ngf6 10. Ne2 O-O 11. Bf4 Qa5 12. O-O Rfd8 13. Qc2 Rac8 14. Ng3
c5 15. dxc5 Qxc5 16. Qb3 Nd5 17. Bd2 N7b6 18. Ne4 Qc7 19. Nd4 Nc4 20. Bc1 Nf6
21. Nxf6+ Bxf6 22. Nf3 Rd5 23. Qc2 Rcd8 24. Rb1 Ne5 25. Nxe5 Bxe5 26. h3 Qc4
27. Be3 Qxa2 28. Ra1 Qc4 29. Rxa7 Bh2+ 30. Kxh2 Qxf1 31. Rxb7 Rd1 32. Qe4 Qa6
33. Ra7 Qd6+ 34. g3 Qd5 35. Qxd5 R1xd5 36. Rb7 R5d7 37. Rb6 Rd6 38. Rb7 f6 39.
c4 R6d7 40. Rb6 Kf7 41. c5 Rc8 42. b4 Rdc7 43. b5 Ke7 44. c6 Kd6 45. Kg2 Ra8
46. Kf3 Kd5 47. Ra6 Rxa6 48. bxa6 Rxc6 49. a7 Ra6 50. h4 Ra4 51. Ke2 Kc6 52.
Kd3 Kb7 53. f3 Ra3+ 54. Kd2 Rxa7 55. Bxa7 Kxa7 56. Kd3 Kb6 57. Kd4 Kc6 58. g4
Kd6 59. Ke4 g6 60. Ke3 Kd5 61. Kd3 f5 62. h5 fxg4 63. fxg4 g5 64. h6 e5 65. Ke3
e4 66. Kd2 Kd4 67. Ke2 e3 68. Ke1 Ke4 69. Ke2 Kf4 70. Ke1 Kxg4 71. Ke2 Kf4 72.
Ke1 Kf3 73. Kf1 g4 74. Ke1 e2 75. Kd2 Kf2 76. Kd3 e1=Q 77. Kc4 Qe5 78. Kd3 g3
79. Kc4 g2 80. Kd3 g1=Q 81. Kc4 Qc1+ 82. Kb4 Qb8+ 83. Ka4 Qa1# 0-1

[Event "Hastings Masters"]
[Site "Hastings"]
[Date "2006.12.28"]
[Round "1.45"]
[White "Dickson, George"]
[Black "Cumming, Rhys"]
[Result "1-0"]
[WhiteElo "2171"]
[BlackElo "1552"]
[PlyCount "75"]
[EventDate "2006.12.28"]
[SourceDate "2006.12.28"]

1. e4 e5 2. Nf3 Nc6 3. Nc3 Nf6 4. d4 exd4 5. Nd5 Nxd5 6. exd5 Bb4+ 7. Bd2 Qe7+
8. Qe2 Bxd2+ 9. Kxd2 Qxe2+ 10. Bxe2 Ne7 11. Nxd4 d6 12. Bf3 Kd8 13. Rae1 Nf5
14. Nxf5 Bxf5 15. h4 h6 16. g4 Bg6 17. h5 Bh7 18. g5 Re8 19. gxh6 gxh6 20. Bg4
Be4 21. Rhg1 Bxd5 22. Rxe8+ Kxe8 23. Be6 fxe6 24. Rg8+ Kd7 25. Rxa8 Bf3 26.
Rxa7 b6 27. Ra3 Bg4 28. Rg3 Bf5 29. Rg8 Ke7 30. Rg7+ Kd8 31. a4 Be4 32. b4 Bf3
33. Rh7 Bxh5 34. Rxh6 Bg4 35. Rh8+ Kd7 36. a5 bxa5 37. bxa5 Kc6 38. Rb8 1-0

[Event "Hastings Masters"]
[Site "Hastings"]
[Date "2006.12.28"]
[Round "1.46"]
[White "Weidman, Mark"]
[Black "Sugden, John"]
[Result "0-1"]
[WhiteElo "1232"]
[BlackElo "2158"]
[PlyCount "76"]
[EventDate "2006.12.28"]
[SourceDate "2006.12.28"]

1. d4 Nf6 2. c4 d6 3. Nc3 g6 4. Bg5 Bg7 5. e3 h6 6. Bh4 O-O 7. f3 Nbd7 8. Bd3
c6 9. b4 e5 10. d5 Qb6 11. e4 cxd5 12. cxd5 Qxb4 13. Nge2 Nc5 14. Bc2 Bd7 15.
O-O Qa5 16. a4 Rfc8 17. Qb1 a6 18. Rc1 Rab8 19. Be1 Qd8 20. Kh1 b6 21. Nd1 Nh5
22. g3 b5 23. a5 Bf6 24. Bd2 Bg5 25. Qb4 Bxd2 26. Qxd2 Qg5 27. Ne3 {(=)} f5 28.
exf5 Bxf5 29. Bxf5 gxf5 30. g4 Nb3 31. Qb4 Qxe3 32. Rxc8+ Rxc8 33. Qxd6 Ng7 34.
Re1 Nd4 35. Qxa6 Rc2 36. d6 Qxf3+ 37. Kg1 Nxe2+ 38. Rxe2 Rc1+ 0-1

[Event "Hastings Masters"]
[Site "Hastings"]
[Date "2006.12.28"]
[Round "1.47"]
[White "Briscoe, Christopher"]
[Black "Prosviriakov, Vladimir"]
[Result "1/2-1/2"]
[WhiteElo "2121"]
[BlackElo "2346"]
[PlyCount "80"]
[EventDate "2006.12.28"]
[SourceDate "2006.12.28"]

1. e4 e5 2. Nf3 Nc6 3. Bb5 a6 4. Ba4 Nf6 5. d3 d6 6. c3 g6 7. d4 b5 8. Bb3 Bg7
9. Bg5 h6 10. dxe5 dxe5 11. Bd5 Bd7 12. Bh4 Qe7 13. O-O O-O 14. Re1 Rad8 15.
Nbd2 Nb8 16. Qc2 Bg4 17. Bxf6 Qxf6 18. a4 c6 19. Bb3 Nd7 20. axb5 axb5 21. h3
Be6 22. Ra6 Nc5 23. Rb6 Rd6 24. Bxe6 Qxe6 25. c4 Nd3 26. Ra1 Rc8 27. Ra7 Rd7
28. Ra3 Nf4 29. cxb5 Rd6 30. Raa6 cxb5 31. Rxd6 Rxc2 32. Rxe6 Nxe6 33. b3 Nd4
34. Ra8+ Bf8 35. Nxd4 exd4 36. Nf3 d3 37. Rd8 Rc3 38. Ne5 Rxb3 39. Rxd3 Rb1+
40. Kh2 b4 1/2-1/2

[Event "Hastings Masters"]
[Site "Hastings"]
[Date "2006.12.28"]
[Round "1.48"]
[White "Van de Laar, Michael"]
[Black "Reuben, Stewart"]
[Result "0-1"]
[WhiteElo "1088"]
[BlackElo "2146"]
[PlyCount "62"]
[EventDate "2006.12.28"]
[SourceDate "2006.12.28"]

1. Nf3 c5 2. c4 g6 3. Nc3 Bg7 4. g3 Nc6 5. Bg2 Nh6 6. O-O Nf5 7. e3 h5 8. Re1
d6 9. Qc2 Bd7 10. Rb1 Nb4 11. Qd1 Nd3 12. Re2 Bc6 13. a3 a5 14. Nd5 e6 15. Nf4
Nxf4 16. gxf4 h4 17. Bh1 Qd7 18. d4 Be4 19. d5 Bxb1 20. e4 Nd4 21. Re1 Ba2 22.
Be3 Nxf3+ 23. Qxf3 Bxc4 24. Qg4 exd5 25. Qg2 d4 26. Bd2 O-O 27. f5 Kh7 28. Qg5
Qd8 29. Qg2 gxf5 30. Bg5 Bf6 31. Bxf6 Qxf6 0-1

[Event "Hastings Masters"]
[Site "Hastings"]
[Date "2006.12.29"]
[Round "2.1"]
[White "Grooten, Herman"]
[Black "Gagunashvili, Merab"]
[Result "0-1"]
[WhiteElo "2387"]
[BlackElo "2611"]
[PlyCount "46"]
[EventDate "2006.12.28"]
[SourceDate "2006.12.28"]

1. d4 d6 2. Nf3 Bg4 3. c4 Nd7 4. Qb3 Rb8 5. h3 Bxf3 6. Qxf3 g6 7. Nc3 Bg7 8.
Qd3 c5 9. d5 Ne5 10. Qc2 Nxc4 11. Qa4+ b5 12. Nxb5 Nb6 13. Qa6 Nxd5 14. Bd2 Qb6
15. Qxb6 Nxb6 16. Nxa7 Nc4 17. Bc3 Bxc3+ 18. bxc3 Na3 19. Kd2 Ra8 20. Nc6 Kd7
21. Nb4 cxb4 22. cxb4 Nf6 23. g4 Ne4+ 0-1

[Event "Hastings Masters"]
[Site "Hastings"]
[Date "2006.12.29"]
[Round "2.2"]
[White "Ikonnikov, Vyacheslav"]
[Black "Peek, Marcel"]
[Result "1/2-1/2"]
[WhiteElo "2588"]
[BlackElo "2367"]
[PlyCount "88"]
[EventDate "2006.12.28"]
[SourceDate "2006.12.28"]

1. d4 f5 2. Nf3 Nf6 3. g3 g6 4. Bg2 Bg7 5. O-O O-O 6. c4 d6 7. b4 e5 8. Qb3 e4
9. Ne1 Be6 10. Nc3 c6 11. a4 Nbd7 12. Nc2 Nb6 13. Na3 d5 14. c5 Nc4 15. b5 Nh5
16. e3 Nxa3 17. Rxa3 Qd7 18. Ne2 g5 19. Qb2 a6 20. bxc6 bxc6 21. Rb3 Rfc8 22.
Bd2 Bf6 23. Ba5 Ra7 24. Rb1 f4 25. exf4 gxf4 26. Nxf4 Nxf4 27. gxf4 Qe8 28. Kh1
Kh8 29. Qd2 Qh5 30. f5 Bxf5 31. Qf4 Qg5 32. Qxg5 Bxg5 33. Rb8 Rxb8 34. Rxb8+
Kg7 35. Bb6 Rf7 36. Ra8 e3 37. fxe3 Bxe3 38. Rxa6 Bxd4 39. a5 Bd3 40. Ra7 Rxa7
41. Bxa7 Kf6 42. Bh3 Be4+ 43. Bg2 Bd3 44. Bh3 Be4+ 1/2-1/2

[Event "Hastings Masters"]
[Site "Hastings"]
[Date "2006.12.29"]
[Round "2.3"]
[White "Houska, Jovanka"]
[Black "Hebden, Mark"]
[Result "1/2-1/2"]
[WhiteElo "2364"]
[BlackElo "2545"]
[PlyCount "104"]
[EventDate "2006.12.28"]
[SourceDate "2006.12.28"]

1. e4 e5 2. Nf3 Nc6 3. Bc4 Nf6 4. d3 Be7 5. O-O O-O 6. Re1 d6 7. a4 Na5 8. Ba2
c5 9. Nc3 Nc6 10. h3 Be6 11. Bc4 h6 12. Be3 Rc8 13. Nd2 d5 14. exd5 Nxd5 15.
Nxd5 Bxd5 16. Qg4 f5 17. Bxd5+ Qxd5 18. Qc4 Rfd8 19. f4 Bh4 20. Re2 exf4 21.
Bxc5 Ne7 22. Re5 Qxc4 23. Nxc4 Nc6 24. Rxf5 b6 25. Bf2 Bxf2+ 26. Kxf2 Nd4 27.
Rxf4 Nxc2 28. Rd1 Nb4 29. Ke2 Re8+ 30. Kd2 Red8 31. Ke2 Nc2 32. Rdf1 Rc7 33.
Re4 Nd4+ 34. Ke3 Nb3 35. Ne5 Nc5 36. Rc4 Re7 37. d4 Nb3 38. Rf5 g6 39. Rf6 Nxd4
40. Ke4 Nb3 41. Rxg6+ Kh7 42. Rcc6 Nc5+ 43. Kf5 Rf8+ 44. Rgf6 Rxf6+ 45. Kxf6
Rg7 46. g4 Nxa4 47. h4 Nc5 48. Kf5 Nd7 49. Rc7 Nf6 50. Rc6 Nd7 51. Rc7 Nf6 52.
Rc6 Nd7 1/2-1/2

[Event "Hastings Masters"]
[Site "Hastings"]
[Date "2006.12.29"]
[Round "2.4"]
[White "Tahirov, Farhad"]
[Black "Marusenko, Petr"]
[Result "1/2-1/2"]
[WhiteElo "2545"]
[BlackElo "2330"]
[PlyCount "86"]
[EventDate "2006.12.28"]
[SourceDate "2006.12.28"]

1. Nf3 Nf6 2. g3 d5 3. c4 c6 4. b3 Bf5 5. Bg2 h6 6. O-O e6 7. d3 Bc5 8. Bb2 O-O
9. Nbd2 a5 10. a3 Nbd7 11. Qc1 Rc8 12. Bc3 b5 13. b4 Bb6 14. Qb2 bxc4 15. dxc4
c5 16. cxd5 exd5 17. bxc5 Bxc5 18. Ne5 Nxe5 19. Bxe5 Be7 20. Rfc1 Qd7 21. Nf1
Qa4 22. Rxc8 Rxc8 23. Ne3 Be6 24. Qb7 Qd7 25. Qb2 Qa4 26. Qb7 Qd7 27. Qxd7 Nxd7
28. Bd4 Bf6 29. Bxf6 Nxf6 30. Rd1 Rc3 31. Rd3 Rc1+ 32. Bf1 Kf8 33. f4 Bh3 34.
Rd1 Rxd1 35. Nxd1 Bxf1 36. Kxf1 Ke7 37. Ne3 Kd6 38. Ke1 Kc5 39. Kd2 h5 40. Nf5
g6 41. Nh6 Ne4+ 42. Kd3 Nd6 43. Kd2 Ne4+ 1/2-1/2

[Event "Hastings Masters"]
[Site "Hastings"]
[Date "2006.12.29"]
[Round "2.5"]
[White "Rudd, Jack"]
[Black "Neverov, Valeriy"]
[Result "1-0"]
[WhiteElo "2310"]
[BlackElo "2538"]
[PlyCount "101"]
[EventDate "2006.12.28"]
[SourceDate "2006.12.28"]

1. e4 c5 2. Nf3 e6 3. d4 cxd4 4. Nxd4 a6 5. Bd3 Qb6 6. Nb3 Qc7 7. O-O d6 8. c4
Nf6 9. Nc3 Be7 10. Be3 b6 11. Rc1 Nbd7 12. f4 Bb7 13. Qf3 h5 14. Kh1 Ng4 15.
Bg1 g5 16. f5 Nge5 17. Qe2 Rh6 18. Nd4 Nxd3 19. Qxd3 Ne5 20. Qd1 Rc8 21. b3 Qd7
22. fxe6 fxe6 23. Nf3 b5 24. Nxe5 dxe5 25. Qf3 Bf6 26. Be3 g4 27. Qf2 Rg6 28.
Bg5 Rxg5 29. Qxf6 Qe7 30. Qh6 Kd7 31. cxb5 Qg7 32. Qxg7+ Rxg7 33. b6 Ke8 34.
Na4 Rc6 35. Rxc6 Bxc6 36. Nc5 Ke7 37. Rc1 Rg8 38. Nxa6 Rd8 39. Nc5 Rb8 40. Kg1
Rxb6 41. Kf2 Kd6 42. a3 Rb8 43. b4 h4 44. Ke3 Ra8 45. Rc3 Bb5 46. Nd3 Ra7 47.
Nf2 Rg7 48. Rc5 Bc6 49. Nd3 g3 50. h3 Ra7 51. Nxe5 1-0

[Event "Hastings Masters"]
[Site "Hastings"]
[Date "2006.12.29"]
[Round "2.6"]
[White "Gofshtein, Zvulon"]
[Black "Eames, Robert"]
[Result "1-0"]
[WhiteElo "2509"]
[BlackElo "2311"]
[PlyCount "94"]
[EventDate "2006.12.28"]
[SourceDate "2006.12.28"]

1. d4 Nf6 2. Nf3 e6 3. c4 c5 4. Nc3 cxd4 5. Nxd4 Bb4 6. g3 O-O 7. Bg2 d5 8.
cxd5 Nxd5 9. Qb3 Na6 10. O-O Nc5 11. Qc2 Bxc3 12. bxc3 Bd7 13. c4 Ba4 14. Nb3
Rc8 15. Ba3 b5 16. Qb1 Bxb3 17. axb3 bxc4 18. bxc4 Nb6 19. Qc2 Qd4 20. Rfc1
Rfd8 21. Bf1 Ncd7 22. Be7 Re8 23. e3 Qe5 24. Bb4 Qc7 25. c5 Nd5 26. Ba3 Ne5 27.
Bb2 Nf3+ 28. Kh1 Red8 29. Bg2 Ne5 30. Qe4 Nc6 31. Qg4 f5 32. Qe2 Rb8 33. e4
Ndb4 34. Rd1 f4 35. Bc3 a5 36. Qc4 Qf7 37. gxf4 Qxf4 38. Qxe6+ Qf7 39. Qxf7+
Kxf7 40. Bf1 Nc2 41. Bc4+ Kf8 42. Rac1 N2d4 43. Rd3 a4 44. Rcd1 Nb3 45. Rf3+
Ke8 46. Bd5 Rbc8 47. Bxg7 Nb4 {remaining moves illegible} 1-0

[Event "Hastings Masters"]
[Site "Hastings"]
[Date "2006.12.29"]
[Round "2.7"]
[White "Ledger, David"]
[Black "Pavlovic, Milos"]
[Result "0-1"]
[WhiteElo "2276"]
[BlackElo "2507"]
[PlyCount "82"]
[EventDate "2006.12.28"]
[SourceDate "2006.12.28"]

1. e4 c5 2. Nc3 Nc6 3. g3 Rb8 4. Bg2 b5 5. d3 b4 6. Nce2 e6 7. a3 bxa3 8. Rxa3
Nf6 9. Nc3 Be7 10. Nge2 O-O 11. O-O c4 12. Ra1 cxd3 13. cxd3 a5 14. d4 d5 15.
exd5 exd5 16. Nf4 Ba6 17. Re1 Bc4 18. Bh3 Bb3 19. Qd2 Rb4 20. Nfe2 Re8 21. Qd3
Rb7 22. Na4 Bc4 23. Qd1 Bb4 24. Nac3 Bxc3 25. bxc3 Rbe7 26. Be3 Ne4 27. Bf1 Qd7
28. Qc2 Qf5 29. Nf4 g5 30. Nd3 h6 31. Reb1 Rc7 32. Rb6 Kg7 33. Rc1 Rec8 34. Nc5
Bxf1 35. Kxf1 Qh3+ 36. Kg1 Nd6 37. Na6 Re7 38. Qa4 Nc4 39. Rxc6 Nxe3 40. fxe3
Rxe3 41. Nc7 Re2 0-1

[Event "Hastings Masters"]
[Site "Hastings"]
[Date "2006.12.29"]
[Round "2.8"]
[White "Pert, Nicholas"]
[Black "Ashton, Adam"]
[Result "1-0"]
[WhiteElo "2502"]
[BlackElo "2304"]
[PlyCount "77"]
[EventDate "2006.12.28"]
[SourceDate "2006.12.28"]

1. d4 d5 2. Nf3 Nf6 3. c4 e6 4. Nc3 c6 5. Bg5 Nbd7 6. e3 Qa5 7. cxd5 Nxd5 8.
Qd2 Bb4 9. Rc1 c5 10. a3 Bxc3 11. bxc3 cxd4 12. cxd4 Qxd2+ 13. Nxd2 f6 14. Bh4
N7b6 15. Ne4 O-O 16. Nc5 Ne7 17. f3 Nbd5 18. Bf2 b6 19. Nb3 Bd7 20. Ba6 Ba4 21.
Nd2 Rab8 22. e4 Nf4 23. g3 Nfg6 24. Bc4 Bd7 25. O-O Kh8 26. h4 Rfd8 27. Rfe1 b5
28. Bf1 Rdc8 29. Nb3 Nf8 30. Nc5 Be8 31. Bh3 Rc6 32. Nxe6 Rxe6 33. Bxe6 Nxe6
34. d5 Nd8 35. Rc7 Ng6 36. Rec1 Ne5 37. Rc8 Rxc8 38. Rxc8 Nef7 39. Bxa7 1-0

[Event "Hastings Masters"]
[Site "Hastings"]
[Date "2006.12.29"]
[Round "2.9"]
[White "Lalic, Bogdan"]
[Black "Furman, Boris"]
[Result "1/2-1/2"]
[WhiteElo "2491"]
[BlackElo "2263"]
[PlyCount "49"]
[EventDate "2006.12.28"]
[SourceDate "2006.12.28"]

1. c4 Nf6 2. Nc3 e6 3. e4 d5 4. e5 Ne4 5. Nf3 Nc6 6. Qc2 f5 7. exf6 Nxf6 8. d4
dxc4 9. Be3 Nb4 10. Qd2 Nd3+ 11. Bxd3 cxd3 12. Qxd3 Bd6 13. O-O O-O 14. Bg5 Qe8
15. Bxf6 gxf6 16. Rfe1 Bd7 17. Re4 Kh8 18. Rh4 Qf7 19. Ne4 Be7 20. Qc3 Rac8 21.
Rf4 Qg7 22. Nc5 Rg8 23. g3 Bxc5 24. Qxc5 Bc6 25. Re1 1/2-1/2

[Event "Hastings Masters"]
[Site "Hastings"]
[Date "2006.12.29"]
[Round "2.10"]
[White "Britton, Richard"]
[Black "Williams, Simon K"]
[Result "0-1"]
[WhiteElo "2261"]
[BlackElo "2473"]
[PlyCount "56"]
[EventDate "2006.12.28"]
[SourceDate "2006.12.28"]

1. e4 g6 2. d4 Bg7 3. Nc3 d6 4. Nf3 Nd7 5. Be3 a6 6. Bc4 e6 7. a4 b6 8. O-O Bb7
9. Nd2 Ne7 10. Ba2 O-O 11. f4 c5 12. Ne2 Nf6 13. dxc5 Ng4 14. Rf3 dxc5 15. h3
Nxe3 16. Rxe3 Bxb2 17. Rd3 Qc7 18. Rb1 Bd4+ 19. Nxd4 cxd4 20. Rxd4 Rad8 21. Rd3
Qxf4 22. Qe2 Qc7 23. Nc4 Qc5+ 24. Kh1 b5 25. Na5 Ba8 26. axb5 axb5 27. Rxd8
Rxd8 28. Rxb5 Qa3 0-1